Một gia đình lớn

محفوظ في:
التفاصيل البيبلوغرافية
المؤلف الرئيسي: Pavel Béiline
التنسيق: كتاب
اللغة:Undetermined
منشور في: Hà Nội Y học 1976
الموضوعات:
الوسوم: إضافة وسم
لا توجد وسوم, كن أول من يضع وسما على هذه التسجيلة!
Thư viện lưu trữ: Trung tâm Học liệu Trường Đại học Cần Thơ
LEADER 00533nam a2200181Ia 4500
001 CTU_7709
008 210402s9999 xx 000 0 und d
082 |a 610.792 
082 |b B422 
100 |a Pavel Béiline 
245 0 |a Một gia đình lớn 
245 0 |c Pavel Béiline; Dịch giả: Bùi Nguyên Hiếu 
260 |a Hà Nội 
260 |b Y học 
260 |c 1976 
650 |a medicine - biography 
904 |i Nguyễn Huỳnh Mai, 960827 
980 |a Trung tâm Học liệu Trường Đại học Cần Thơ